[Event "WA Open Blitz Championship"]
[Site "Chess.com"]
[Date "2020.05.25"]
[Round "?"]
[White "Vega, Isaac"]
[Black "Zhang, Michael M."]
[Result "1-0"]
[WhiteElo "1972"]
[BlackElo "977"]
[PlyCount "71"]
[EventDate "2020.??.??"]
[EventType "blitz"]

1. e4 e5 2. Nf3 Nc6 3. Bb5 Nf6 4. Nc3 Bb4 5. d3 d6 6. O-O Bg4 7. h3 Bh5 8. g4
Nxg4 9. hxg4 Bxg4 10. Nd5 Bc5 11. Be3 Bxe3 12. Nxe3 Qf6 13. Nxg4 Qg6 14. Nfh2
h5 15. Re1 hxg4 16. Qxg4 Qxg4+ 17. Nxg4 Rh4 18. f3 O-O-O 19. Bxc6 bxc6 20. Kg2
Rdh8 21. Rh1 Rxh1 22. Rxh1 Rg8 23. Rh7 Kb7 24. Ne3 f6 25. Nf5 g6 26. Ne7 Re8
27. Nxg6 Rg8 28. Rh6 d5 29. Kg3 dxe4 30. fxe4 Kc8 31. Kg4 Kd7 32. Kf5 Ke8 33.
Ke6 f5 34. exf5 Rg7 35. Rh8+ Rg8 36. Rxg8# 1-0

[Event "WA Open Blitz Championship"]
[Site "Chess.com"]
[Date "2020.05.25"]
[Round "?"]
[White "Zhang, Michael M."]
[Black "Lopez, Francisco"]
[Result "0-1"]
[WhiteElo "977"]
[BlackElo "1778"]
[PlyCount "78"]
[EventDate "2020.??.??"]
[EventType "blitz"]

1. e4 c5 2. Nf3 Nc6 3. d4 cxd4 4. Nxd4 g6 5. Nxc6 bxc6 6. Nc3 Bg7 7. Bc4 Nh6 8.
O-O O-O 9. Be3 d6 10. Qd2 Ng4 11. h3 Nxe3 12. Qxe3 Qb6 13. Qxb6 axb6 14. Rfe1
Be6 15. Bxe6 fxe6 16. Rad1 c5 17. a3 Bxc3 18. bxc3 Rxa3 19. e5 d5 20. Re3 Ra2
21. Rd2 Ra1+ 22. Kh2 Rf1 23. Ree2 h5 24. g4 hxg4 25. hxg4 g5 26. Kg3 Rf4 27.
Kg2 Ra1 28. Kg3 Rg1+ 29. Kh2 Rgxg4 30. Re3 Kg7 31. Kh3 Kg6 32. Kh2 Kf5 33. Kh3
Rh4+ 34. Kg3 Re4 35. Rf3+ Kxe5 36. Kg2 Reg4+ 37. Kf1 Rh1+ 38. Ke2 Re4+ 39. Kd3
c4# 0-1

[Event "WA Open Blitz Championship"]
[Site "Chess.com"]
[Date "2020.05.25"]
[Round "?"]
[White "Zhang, Michael M."]
[Black "Stein, Daniel"]
[Result "0-1"]
[WhiteElo "977"]
[BlackElo "1555"]
[PlyCount "70"]
[EventDate "2020.??.??"]
[EventType "blitz"]

1. e4 e5 2. Nf3 Nc6 3. Nc3 Nf6 4. Bb5 Nd4 5. Nxd4 exd4 6. e5 dxc3 7. exf6 cxd2+
8. Bxd2 Qxf6 9. O-O Be7 10. Re1 O-O 11. Qe2 Bc5 12. Bc3 Qg5 13. Bd2 Qg6 14. Bd3
Qb6 15. Rf1 d5 16. Qh5 g6 17. Qxd5 Be6 18. Qe5 Bd4 19. Qe2 Rfe8 20. Bh6 Bg7 21.
Bxg7 Kxg7 22. Qe5+ Kg8 23. Rfe1 Bd7 24. Qd5 Be6 25. Qe5 Rad8 26. Be2 Bxa2 27.
Qc3 Be6 28. Qa3 a6 29. Kh1 Rd2 30. Bd3 Rd8 31. Qb3 Bxb3 32. cxb3 Qxf2 33. Rg1
R2xd3 34. Ra3 Rd1 35. Ra4 Qxg1# 0-1

[Event "WA Open Blitz Championship"]
[Site "Chess.com"]
[Date "2020.05.25"]
[Round "?"]
[White "Vemparala, Nikash"]
[Black "Zhang, Michael M."]
[Result "1-0"]
[WhiteElo "1684"]
[BlackElo "977"]
[PlyCount "89"]
[EventDate "2020.??.??"]
[EventType "blitz"]

1. e4 e5 2. Nf3 Nc6 3. Bc4 Bc5 4. c3 Nf6 5. d3 d6 6. O-O Bg4 7. Nbd2 d5 8. exd5
Nxd5 9. Qb3 Be6 10. Qxb7 Nce7 11. Qb5+ c6 12. Qxc5 O-O 13. Nxe5 Qc7 14. Bxd5
Nxd5 15. d4 Rad8 16. Qxc6 Qxc6 17. Nxc6 Ra8 18. Nf3 Bd7 19. Nce5 Be6 20. Bd2 f6
21. Nd3 Bf5 22. Nc5 Rac8 23. h3 Rfd8 24. Rfe1 h6 25. g4 Bg6 26. c4 Nb6 27. b3
a5 28. Re6 Nd7 29. Nxd7 Rxd7 30. Bf4 Bf7 31. Rd6 Rxd6 32. Bxd6 Rd8 33. c5 Rc8
34. Re1 Rd8 35. Re7 Rc8 36. Rc7 Rd8 37. Ra7 Rc8 38. Rxa5 Rd8 39. b4 Rc8 40. b5
Rb8 41. Bxb8 Kh7 42. c6 Kg6 43. c7 Kh7 44. c8=Q Kg6 45. Qf5# 1-0

[Event "WA Open Blitz Championship"]
[Site "Chess.com"]
[Date "2020.05.25"]
[Round "?"]
[White "Zhang, Michael M."]
[Black "Seshadri, Sridhar"]
[Result "0-1"]
[WhiteElo "977"]
[BlackElo "1626"]
[PlyCount "54"]
[EventDate "2020.??.??"]
[EventType "blitz"]

1. e4 c5 2. Nf3 Nc6 3. d4 cxd4 4. Nxd4 Nf6 5. Nc3 e5 6. Nf3 Bb4 7. Bb5 Bxc3+ 8.
bxc3 O-O 9. Bg5 Qa5 10. Bxf6 Qxc3+ 11. Nd2 gxf6 12. Qg4+ Kh8 13. Qh4 Qxa1+ 14.
Ke2 Nd4+ 15. Ke3 Qc3+ 16. Bd3 Nxc2+ 17. Ke2 Nd4+ 18. Ke3 Qc6 19. Nc4 Qe6 20.
Nd2 Rg8 21. Rg1 Rg4 22. Qh5 Rg5 23. Qh4 d6 24. g4 Rxg4 25. Rg3 Rxg3+ 26. Qxg3
Qg4 27. Qxg4 Bxg4 0-1

[Event "WA Open Blitz Championship"]
[Site "Chess.com"]
[Date "2020.05.25"]
[Round "?"]
[White "Rodriguez, Odysseus"]
[Black "Zhang, Michael M."]
[Result "0-1"]
[WhiteElo "1499"]
[BlackElo "977"]
[PlyCount "56"]
[EventDate "2020.??.??"]
[EventType "blitz"]

1. d4 d5 2. Nf3 e6 3. e3 Nf6 4. Bd3 Be7 5. O-O Nbd7 6. b3 O-O 7. Bb2 b6 8. Ne5
Bb7 9. f4 c5 10. Nd2 Rc8 11. Rf3 Re8 12. Rh3 a6 13. Nxd7 Qxd7 14. dxc5 bxc5 15.
Bxf6 Bxf6 16. Bxh7+ Kf8 17. Rc1 d4 18. e4 Qc6 19. Qh5 e5 20. Bf5 Rcd8 21. Nc4
exf4 22. Rd1 g6 23. Qg4 gxf5 24. Qxf5 Rxe4 25. Na5 Re3 26. Nxc6 Bxc6 27. Rxe3
dxe3 28. Qxf6 Rxd1# 0-1

[Event "WA Open Blitz Championship"]
[Site "Chess.com"]
[Date "2020.05.25"]
[Round "?"]
[White "Vidyarthi, Omya"]
[Black "Bablani, Arnav"]
[Result "1-0"]
[WhiteElo "1934"]
[BlackElo "909"]
[PlyCount "21"]
[EventDate "2020.??.??"]
[EventType "blitz"]

1. d4 d5 2. c4 e6 3. Nc3 Nf6 4. cxd5 Nxd5 5. e4 Nxc3 6. bxc3 Bd6 7. Nf3 Bd7 8.
Bd3 O-O 9. O-O Nc6 10. Bc2 b6 11. Qd3 1-0

[Event "WA Open Blitz Championship"]
[Site "Chess.com"]
[Date "2020.05.25"]
[Round "?"]
[White "Stein, Daniel"]
[Black "Bablani, Arnav"]
[Result "1-0"]
[WhiteElo "1555"]
[BlackElo "909"]
[PlyCount "35"]
[EventDate "2020.??.??"]
[EventType "blitz"]

1. e4 e5 2. Nf3 Nc6 3. Bb5 Nf6 4. O-O d5 5. Nxe5 Bd7 6. Nxd7 Qxd7 7. exd5 Nxd5
8. Re1+ Be7 9. d4 O-O-O 10. c4 Nf6 11. d5 a6 12. Bxc6 bxc6 13. Qa4 cxd5 14.
Qxa6+ Kb8 15. Re3 Rhe8 16. Rb3+ Bb4 17. Rxb4+ Qb5 18. Rxb5# 1-0

[Event "WA Open Blitz Championship"]
[Site "Chess.com"]
[Date "2020.05.25"]
[Round "?"]
[White "Bablani, Arnav"]
[Black "Chung, Ethan"]
[Result "0-1"]
[WhiteElo "909"]
[BlackElo "1373"]
[PlyCount "114"]
[EventDate "2020.??.??"]
[EventType "blitz"]

1. e4 e6 2. d4 d5 3. e5 c5 4. c3 Nc6 5. Nf3 Qb6 6. Qb3 Qxb3 7. axb3 cxd4 8.
cxd4 Bb4+ 9. Nc3 Nge7 10. Bb5 Bd7 11. Bxc6 Bxc6 12. O-O O-O 13. Bf4 Ng6 14. Bg3
Rac8 15. Ne2 Bb5 16. Nf4 Nxf4 17. Bxf4 Bxf1 18. Rxf1 a5 19. h3 f6 20. exf6 Rxf6
21. Be5 Rff8 22. Kh2 Rcd8 23. Bc7 Bd6+ 24. Bxd6 Rxd6 25. Rc1 Rd7 26. Rc5 Re8
27. Ng5 Rde7 28. f4 Rf8 29. Kg3 h6 30. Nf3 Ref7 31. Ne5 Rxf4 32. Kh2 Rxd4 33.
Rxa5 Rb4 34. Ng6 Re8 35. Ra3 e5 36. Nxe5 Rxe5 37. Ra5 Rxb3 38. h4 Rxb2 39. Kg3
Rb6 40. Kf4 Rbe6 41. Ra4 Re4+ 42. Rxe4 Rxe4+ 43. Kf5 Re8 44. Kf4 d4 45. Kg4 d3
46. Kh3 d2 47. Kg3 d1=Q 48. Kh3 Qd3+ 49. Kh2 h5 50. Kh1 b5 51. Kh2 b4 52. Kh1
b3 53. Kh2 b2 54. Kh1 b1=Q+ 55. Kh2 Qb2 56. Kh1 Qdd2 57. Kg1 Qxg2# 0-1

[Event "WA Open Blitz Championship"]
[Site "Chess.com"]
[Date "2020.05.25"]
[Round "?"]
[White "Bablani, Arnav"]
[Black "Zhang, Michael M."]
[Result "1-0"]
[WhiteElo "909"]
[BlackElo "977"]
[PlyCount "77"]
[EventDate "2020.??.??"]
[EventType "blitz"]

1. e4 e5 2. Nf3 Nc6 3. Bb5 Nf6 4. Nc3 Bb4 5. Bxc6 dxc6 6. O-O Bg4 7. d3 Bxc3 8.
bxc3 Rc8 9. Bg5 h6 10. Bh4 g5 11. Bg3 Nh5 12. Bxe5 Bxf3 13. Qxf3 Rf8 14. Qxh5
Qe7 15. d4 c5 16. Bg7 Rg8 17. Bxh6 Rh8 18. dxc5 Qf6 19. Qh3 Rd8 20. Bxg5 Rxh3
21. Bxf6 Kd7 22. Bxd8 Kxd8 23. gxh3 Kd7 24. Rad1+ Ke6 25. Rfe1 Kf6 26. f4 Kg7
27. Rd5 f6 28. e5 fxe5 29. Rexe5 Kg6 30. Re6+ Kg7 31. Rde5 Kf8 32. Rf5+ Kg7 33.
h4 b6 34. h5 bxc5 35. Rg6+ Kh7 36. Rf7+ Kh8 37. h6 c4 38. h7 c5 39. Rg8# 1-0

[Event "WA Open Blitz Championship"]
[Site "Chess.com"]
[Date "2020.05.25"]
[Round "?"]
[White "Rao, Pradeep"]
[Black "Bablani, Arnav"]
[Result "1-0"]
[WhiteElo "1158"]
[BlackElo "909"]
[PlyCount "91"]
[EventDate "2020.??.??"]
[EventType "blitz"]

1. e4 e5 2. Bc4 Nc6 3. Nf3 Bc5 4. Nc3 Nf6 5. d3 O-O 6. Bg5 d6 7. Bxf6 Qxf6 8.
Nd5 Qg6 9. O-O Bh3 10. Nh4 Qg5 11. Qf3 Qxh4 12. Qxh3 Qxh3 13. gxh3 Rac8 14. Kh1
Bd4 15. c3 Bc5 16. b4 Bb6 17. a4 a5 18. b5 Nd8 19. Ne7+ Kh8 20. Nxc8 Ne6 21.
Nxb6 cxb6 22. Bxe6 fxe6 23. Rae1 h6 24. c4 Kh7 25. Re3 Rf6 26. Kg2 Rg6+ 27. Rg3
Rf6 28. f3 Kh8 29. Rg4 Kh7 30. f4 exf4 31. Rfxf4 Rxf4 32. Rxf4 e5 33. Rf7 Kg6
34. Rxb7 Kh7 35. Rxb6 Kg6 36. Rxd6+ Kh7 37. b6 Kg8 38. b7 Kh7 39. b8=Q h5 40.
Qb7 h4 41. Re6 Kh8 42. Rxe5 Kh7 43. Rxa5 Kh8 44. Rh5+ Kg8 45. Rxh4 Kf8 46. Rh8#
1-0

[Event "WA Open Blitz Championship"]
[Site "Chess.com"]
[Date "2020.05.25"]
[Round "?"]
[White "Wong-Godfrey, Emerson"]
[Black "Bablani, Arnav"]
[Result "1-0"]
[WhiteElo "1114"]
[BlackElo "909"]
[PlyCount "103"]
[EventDate "2020.??.??"]
[EventType "blitz"]

1. e4 e5 2. Nf3 Nc6 3. Bb5 Nf6 4. O-O d5 5. Nxe5 Be6 6. Nxc6 bxc6 7. Bxc6+ Bd7
8. Bxa8 Qxa8 9. d3 Bc5 10. Be3 Bxe3 11. fxe3 O-O 12. e5 Ng4 13. Qe2 Qb7 14. b3
Qb6 15. d4 c5 16. c3 cxd4 17. exd4 Qh6 18. h3 Ne3 19. Rf3 Nf5 20. Nd2 Qg6 21.
Raf1 Nh4 22. Rf4 Nf5 23. Rg4 Qh6 24. Rgf4 Ng3 25. Qf2 Nxf1 26. Qxf1 Qg6 27. g4
h5 28. Qg2 hxg4 29. hxg4 f5 30. exf6 Rxf6 31. Rxf6 gxf6 32. Qxd5+ Qf7 33. Qa8+
Kg7 34. Qxa7 Bxg4 35. Qxf7+ Kxf7 36. a4 Bd1 37. a5 Ke7 38. a6 Kd7 39. a7 Kc7
40. a8=Q Kd6 41. Ne4+ Ke6 42. Qc6+ Kf5 43. Qxf6+ Kxe4 44. b4 Kd3 45. b5 Kxc3
46. b6 Ba4 47. b7 Kd3 48. b8=Q Bc6 49. Qg3+ Kc2 50. Qff2+ Kb1 51. Qb3+ Kc1 52.
Qfb2# 1-0

[Event "WA Open Blitz Championship"]
[Site "Chess.com"]
[Date "2020.05.25"]
[Round "?"]
[White "Cheng, Ethan"]
[Black "Ackerman, Ryan"]
[Result "0-1"]
[WhiteElo "828"]
[BlackElo "1922"]
[PlyCount "104"]
[EventDate "2020.??.??"]
[EventType "blitz"]

1. c4 e5 2. Nc3 Bb4 3. g3 Bxc3 4. bxc3 d6 5. d4 Nc6 6. Bg2 Nge7 7. Rb1 b6 8.
Be3 O-O 9. Nf3 Ba6 10. Qa4 Na5 11. Nd2 c6 12. c5 bxc5 13. dxc5 d5 14. Bg5 f6
15. Be3 Bb5 16. Qa3 Nf5 17. Nf1 Nc4 18. Qc1 Qa5 19. Qc2 Ncxe3 20. Nxe3 Nxe3 21.
fxe3 Bc4 22. Rb2 Qxc5 23. Qd2 Rab8 24. O-O Rxb2 25. Qxb2 Qxe3+ 26. Kh1 Qxe2 27.
Qxe2 Bxe2 28. Re1 Bc4 29. a4 Rb8 30. a5 Rb2 31. Ra1 Kf7 32. Kg1 Ke6 33. Re1 Ra2
34. Bf1 Bxf1 35. Kxf1 Rxa5 36. Kf2 Ra2+ 37. Ke3 c5 38. Kd3 c4+ 39. Ke3 Rc2 40.
Re2 Rxe2+ 41. Kxe2 d4 42. cxd4 exd4 43. Kd2 Kd5 44. Kc2 a5 45. Kd2 a4 46. Kc2
a3 47. Kb1 d3 48. Ka2 d2 49. Kb1 d1=Q+ 50. Ka2 Qd3 51. Ka1 Qb3 52. h4 Qb2# 0-1

[Event "WA Open Blitz Championship"]
[Site "Chess.com"]
[Date "2020.05.25"]
[Round "?"]
[White "Jammalamadaka, Vihaan"]
[Black "Cheng, Ethan"]
[Result "1-0"]
[WhiteElo "1312"]
[BlackElo "828"]
[PlyCount "39"]
[EventDate "2020.??.??"]
[EventType "blitz"]

1. d4 Nf6 2. c4 e6 3. Nc3 Bb4 4. Qc2 d5 5. Nf3 O-O 6. Bg5 c5 7. e3 b6 8. a3
Bxc3+ 9. bxc3 Bb7 10. cxd5 exd5 11. Bd3 Nbd7 12. Bxh7+ Kh8 13. Bd3 Qe7 14. h4
Qe6 15. Bf5 Qd6 16. h5 Kg8 17. h6 g6 18. Bxg6 fxg6 19. Qxg6+ Kh8 20. Qg7# 1-0

[Event "WA Open Blitz Championship"]
[Site "Chess.com"]
[Date "2020.05.25"]
[Round "?"]
[White "Bablani, Arnav"]
[Black "Cheng, Ethan"]
[Result "0-1"]
[WhiteElo "909"]
[BlackElo "828"]
[PlyCount "36"]
[EventDate "2020.??.??"]
[EventType "blitz"]

1. e4 e5 2. Nf3 Nc6 3. Bb5 a6 4. Bxc6 dxc6 5. Nc3 Bg4 6. d3 Bc5 7. O-O Qf6 8.
Bd2 h5 9. h3 O-O-O 10. hxg4 hxg4 11. Nh2 Qh4 12. Re1 Qxh2+ 13. Kf1 Qh1+ 14. Ke2
Qxg2 15. Rf1 Qf3+ 16. Ke1 Bxf2+ 17. Rxf2 Rh1+ 18. Rf1 Qxf1# 0-1

[Event "WA Open Blitz Championship"]
[Site "Chess.com"]
[Date "2020.05.25"]
[Round "?"]
[White "Seshadri, Sridhar"]
[Black "Cheng, Ethan"]
[Result "1-0"]
[WhiteElo "1626"]
[BlackElo "828"]
[PlyCount "115"]
[EventDate "2020.??.??"]
[EventType "blitz"]

1. c4 Nf6 2. Nc3 e6 3. Nf3 c5 4. g3 b6 5. Bg2 Bb7 6. O-O Be7 7. d3 O-O 8. e4 d6
9. Bg5 Nbd7 10. Qd2 a6 11. Rfe1 h6 12. Bf4 e5 13. Be3 Ng4 14. Nd5 Nxe3 15. fxe3
Re8 16. Nxe7+ Rxe7 17. Nh4 Re8 18. Nf5 Nf6 19. Rf1 b5 20. b3 b4 21. a4 a5 22.
Qc2 Ra6 23. Rae1 Ba8 24. d4 cxd4 25. exd4 Ra7 26. d5 Qb6+ 27. Qf2 Qxf2+ 28.
Rxf2 g6 29. Nxd6 Rd8 30. Nb5 Ra6 31. Rd2 Rb6 32. d6 Rbb8 33. c5 Bc6 34. Nc7
Rbc8 35. Nd5 Bxd5 36. exd5 Rd7 37. Rc2 Ne8 38. Rxe5 f6 39. Re6 Kg7 40. Re7+
Rxe7 41. dxe7 Kf7 42. d6 Ke6 43. Re2+ Kd7 44. c6+ Rxc6 45. Bxc6+ Kxc6 46. Re6
Kd7 47. Re4 Nxd6 48. Rd4 Kxe7 49. Rd5 Ke6 50. Rxa5 f5 51. Ra8 Kd5 52. a5 g5 53.
a6 f4 54. a7 f3 55. Rd8 Ke5 56. Rxd6 Kxd6 57. a8=Q Ke5 58. Qxf3 1-0

[Event "WA Open Blitz Championship"]
[Site "Chess.com"]
[Date "2020.05.25"]
[Round "?"]
[White "Cheng, Ethan"]
[Black "Rodriguez, Odysseus"]
[Result "1/2-1/2"]
[WhiteElo "828"]
[BlackElo "1499"]
[PlyCount "61"]
[EventDate "2020.??.??"]
[EventType "blitz"]

1. c4 c6 2. d4 d5 3. Nf3 Nf6 4. Nc3 e6 5. e3 Nbd7 6. Bd3 dxc4 7. Bxc4 b5 8. Bd3
Bb7 9. Qc2 b4 10. Ne2 c5 11. a3 Bxf3 12. gxf3 cxd4 13. Nxd4 Rc8 14. Qa4 Qb6 15.
axb4 Qxb4+ 16. Ke2 Bc5 17. Bd2 Qxa4 18. Rxa4 O-O 19. Rc1 Bb6 20. Rg1 Rc5 21. e4
Rh5 22. Bf4 Nc5 23. Rc4 Nxd3 24. Kxd3 e5 25. Nf5 exf4 26. Rxg7+ Kh8 27. Rg1
Rxf5 28. exf5 Rd8+ 29. Ke2 Re8+ 30. Kd2 Rd8+ 31. Kc3 1/2-1/2

[Event "WA Open Blitz Championship"]
[Site "Chess.com"]
[Date "2020.05.25"]
[Round "?"]
[White "Shapiro, Michael"]
[Black "Cheng, Ethan"]
[Result "1-0"]
[WhiteElo "1502"]
[BlackElo "828"]
[PlyCount "85"]
[EventDate "2020.??.??"]
[EventType "blitz"]

1. c4 Nf6 2. Nf3 e6 3. g3 c5 4. Bg2 b6 5. O-O Bb7 6. Nc3 Be7 7. d3 O-O 8. Bf4
d6 9. Bd2 Nbd7 10. a3 a6 11. b4 Re8 12. Rb1 Qc7 13. b5 axb5 14. Nxb5 Qd8 15.
Ra1 d5 16. cxd5 Nxd5 17. Nc3 Nxc3 18. Bxc3 Nf6 19. Bb2 b5 20. Qc2 Rc8 21. Qb3
Bd5 22. Qc2 c4 23. dxc4 Bxc4 24. Rfe1 Bd5 25. Qd1 Bc5 26. Rc1 Ng4 27. Rxc5 Rxc5
28. Qd4 Nf6 29. Qxc5 Qc8 30. Qxc8 Rxc8 31. Bxf6 gxf6 32. Rd1 Rc3 33. Rb1 Rxa3
34. Rxb5 Kg7 35. h3 Ra1+ 36. Kh2 Bxf3 37. Bxf3 Ra2 38. Kg2 e5 39. Rb7 Kg6 40.
Bd5 Rxe2 41. Bxf7+ Kf5 42. Bh5 Kg5 43. Bxe2 1-0

[Event "WA Open Blitz Championship"]
[Site "Chess.com"]
[Date "2020.05.25"]
[Round "?"]
[White "Jones, Davey"]
[Black "Ghosh, Yohan"]
[Result "1-0"]
[WhiteElo "1819"]
[BlackElo "825"]
[PlyCount "111"]
[EventDate "2020.??.??"]
[EventType "blitz"]

1. e4 e5 2. Nf3 Nc6 3. Bb5 Bc5 4. c3 d6 5. O-O Nf6 6. d4 exd4 7. cxd4 Bb6 8. d5
O-O 9. dxc6 bxc6 10. Bxc6 Rb8 11. Nc3 Bd7 12. Bxd7 Qxd7 13. Bg5 Ng4 14. h3 Nxf2
15. Rxf2 Bxf2+ 16. Kxf2 Rxb2+ 17. Kg1 f6 18. Qd5+ Kh8 19. Bh4 Rbb8 20. Rd1 Qc8
21. Bf2 Qa6 22. Ne2 Qxe2 23. Rd2 Qa6 24. Nd4 Qb7 25. Nc6 Rbe8 26. Bxa7 Qb1+ 27.
Rd1 Qb7 28. Bf2 Ra8 29. Ra1 Rfc8 30. Ne7 Qxd5 31. Nxd5 Ra5 32. a4 Rc5 33. Bxc5
dxc5 34. a5 Kg8 35. Ne7+ Kf7 36. Nxc8 Ke6 37. a6 Ke5 38. a7 Kxe4 39. a8=Q+ Kd3
40. Qf3+ Kc4 41. Rc1+ Kb4 42. Qc3+ Kb5 43. Rb1+ Kc6 44. Na7+ Kd7 45. Qd3+ Ke7
46. Rb7 Kf7 47. Rxc7+ Ke6 48. Qd7+ Ke5 49. Rxc5+ Ke4 50. Qd5+ Kf4 51. Qf5+ Ke3
52. Nb5 Kd2 53. Qf4+ Kd3 54. Qd4+ Ke2 55. Nc3+ Ke1 56. Qe3# 1-0

[Event "WA Open Blitz Championship"]
[Site "Chess.com"]
[Date "2020.05.25"]
[Round "?"]
[White "Ghosh, Yohan"]
[Black "Shapiro, Michael"]
[Result "0-1"]
[WhiteElo "825"]
[BlackElo "1502"]
[PlyCount "54"]
[EventDate "2020.??.??"]
[EventType "blitz"]

1. e4 e5 2. Bc4 Nc6 3. Nf3 Nf6 4. Ng5 d5 5. exd5 Na5 6. Bb3 Nxb3 7. axb3 Nxd5
8. d3 Be7 9. Nf3 O-O 10. Nxe5 Bd6 11. Nf3 Re8+ 12. Kf1 Bg4 13. h3 Bh5 14. g4
Bg6 15. Kg2 Nf4+ 16. Bxf4 Bxf4 17. Nc3 Qd7 18. Nh4 Qc6+ 19. f3 Rad8 20. Nxg6
hxg6 21. Re1 Qf6 22. Rxe8+ Rxe8 23. Nd5 Qg5 24. Nxf4 Qxf4 25. Qc1 Re2+ 26. Kf1
Qxf3+ 27. Kg1 Qg2# 0-1

[Event "WA Open Blitz Championship"]
[Site "Chess.com"]
[Date "2020.05.25"]
[Round "?"]
[White "Ghosh, Yohan"]
[Black "Chung, Ethan"]
[Result "0-1"]
[WhiteElo "825"]
[BlackElo "1373"]
[PlyCount "74"]
[EventDate "2020.??.??"]
[EventType "blitz"]

1. e4 e6 2. d4 d5 3. e5 c5 4. c3 Nc6 5. Nf3 Qb6 6. Bd3 Bd7 7. Be3 cxd4 8. Nxd4
Nxe5 9. Nb3 Nxd3+ 10. Qxd3 Qb5 11. Qxb5 Bxb5 12. a4 Bc4 13. Na5 Bd3 14. Nxb7
Nf6 15. Nc5 Bc4 16. Nd2 Rc8 17. Nxc4 Bxc5 18. Bxc5 dxc4 19. Bb4 Ne4 20. O-O Nc5
21. Rad1 O-O 22. a5 Nd3 23. Bxf8 Rxf8 24. Rb1 Rb8 25. b4 cxb3 26. Rfd1 Nc5 27.
Rd2 h6 28. Rdb2 a6 29. c4 Kf8 30. Rd2 Na4 31. Rd3 b2 32. Ra3 Nc5 33. Ra2 Nd3
34. Ra3 Nc1 35. Ra2 Nxa2 36. Kf1 Nc3 37. Rd1 Nxd1 0-1

[Event "WA Open Blitz Championship"]
[Site "Chess.com"]
[Date "2020.05.25"]
[Round "?"]
[White "Ghosh, Yohan"]
[Black "Rodriguez, Odysseus"]
[Result "1-0"]
[WhiteElo "825"]
[BlackElo "1499"]
[PlyCount "53"]
[EventDate "2020.??.??"]
[EventType "blitz"]

1. e4 c5 2. Bc4 d6 3. Nf3 e6 4. d4 cxd4 5. Nxd4 Nf6 6. Nc3 a6 7. Bg5 Be7 8. Qd2
b5 9. Bb3 Bb7 10. f3 Qc7 11. O-O h6 12. Be3 Nbd7 13. Rac1 Nc5 14. Nce2 Nxb3 15.
cxb3 Qd7 16. Nc3 d5 17. e5 Nh7 18. f4 Bb4 19. Qe2 Rc8 20. a3 Be7 21. Nd1 O-O
22. Nf2 f5 23. Kh1 Rxc1 24. Rxc1 Rc8 25. g4 Rxc1+ 26. Bxc1 Qc6 27. Nxc6 1-0

[Event "WA Open Blitz Championship"]
[Site "Chess.com"]
[Date "2020.05.25"]
[Round "?"]
[White "Rao, Pradeep"]
[Black "Ghosh, Yohan"]
[Result "1-0"]
[WhiteElo "1158"]
[BlackElo "825"]
[PlyCount "67"]
[EventDate "2020.??.??"]
[EventType "blitz"]

1. e4 e5 2. Bc4 Nc6 3. Nc3 Bc5 4. Nf3 Nf6 5. d3 d6 6. Bg5 Bg4 7. h3 Bh5 8. Nd5
Nd4 9. c3 Nxf3+ 10. gxf3 h6 11. Bh4 g5 12. Bg3 Nxd5 13. Bxd5 c6 14. Bb3 Qf6 15.
Qc2 Qxf3 16. Rf1 a5 17. Rd1 a4 18. Bc4 b5 19. d4 Bb6 20. Be2 Qxe2+ 21. Qxe2
Bxe2 22. Kxe2 exd4 23. cxd4 a3 24. b3 Ba5 25. Bxd6 Bc3 26. e5 Bb2 27. Kf3 Rd8
28. Kg4 f6 29. Rfe1 Bc3 30. Re2 Kf7 31. Kf5 Rhe8 32. Rc1 Bb2 33. Rxc6 fxe5 34.
dxe5 1-0

[Event "WA Open Blitz Championship"]
[Site "Chess.com"]
[Date "2020.05.25"]
[Round "?"]
[White "Cheng, Ethan"]
[Black "Ghosh, Yohan"]
[Result "1-0"]
[WhiteElo "828"]
[BlackElo "825"]
[PlyCount "43"]
[EventDate "2020.??.??"]
[EventType "blitz"]

1. c4 e5 2. Nc3 f5 3. g3 Nf6 4. Bg2 Bc5 5. d3 O-O 6. Nf3 d6 7. O-O f4 8. Rb1
fxg3 9. hxg3 Nh5 10. a3 Nxg3 11. Ng5 Nf5 12. Bd5+ Kh8 13. Nf7+ Rxf7 14. Bxf7
Nh4 15. Bd5 Bh3 16. Re1 Qf6 17. e3 Qg6+ 18. Kh1 Qg2+ 19. Bxg2 Bxg2+ 20. Kg1
Nf3+ 21. Kxg2 Nxe1+ 22. Qxe1 1-0

[Event "WA Open Blitz Championship"]
[Site "Chess.com"]
[Date "2020.05.25"]
[Round "?"]
[White "Metzmaker, Suya"]
[Black "Semenov, Fedya"]
[Result "0-1"]
[WhiteElo "801"]
[BlackElo "1803"]
[PlyCount "150"]
[EventDate "2020.??.??"]
[EventType "blitz"]

1. e4 e6 2. d4 d5 3. exd5 exd5 4. Nc3 Nf6 5. Bg5 Be7 6. Nf3 h6 7. Be3 O-O 8.
Bd3 c6 9. O-O Bg4 10. h3 Be6 11. Re1 Re8 12. Qd2 Nbd7 13. Rad1 Nf8 14. a3 Qd7
15. Ne2 Bf5 16. Nc3 Bxd3 17. Qxd3 Ng6 18. Ne5 Nxe5 19. dxe5 Nh7 20. Bf4 Bg5 21.
Bxg5 Nxg5 22. Qg3 Re6 23. Ne4 Nxe4 24. Rxe4 Qe7 25. Rg4 f6 26. exf6 Qxf6 27.
Rf4 Qxb2 28. Rd2 Qc1+ 29. Kh2 Qxd2 30. Qg4 Qe2 31. f3 Rf8 32. Rb4 Re7 33. Rb2
Qe6 34. Qxe6+ Rxe6 35. Rxb7 Rf7 36. Rb8+ Kh7 37. Rb1 Re2 38. Rg1 Rxf3 39. Kh1
Rff2 40. Kh2 Rxc2 41. Kg3 Ra2 42. a4 Rfe2 43. Kh2 Rxa4 44. Kg3 Ra3+ 45. Kh2
Raa2 46. Kg3 Rxg2+ 47. Rxg2 Rxg2+ 48. Kxg2 a5 49. Kf3 Kg6 50. Ke3 Kf5 51. Kd4
a4 52. Kc3 c5 53. Kb2 Ke4 54. Ka3 d4 55. Kxa4 Ke3 56. Kb3 d3 57. Kc3 Ke2 58.
Kc4 d2 59. Kd5 d1=Q+ 60. Kc6 Qh1+ 61. Kb5 Qxh3 62. Kc6 c4 63. Kc5 c3 64. Kd6 c2
65. Ke7 c1=Q 66. Kf7 Qc7+ 67. Kg8 Qhc8+ 68. Kh7 Qc2+ 69. Kxg7 Qg4+ 70. Kf7
Qcf5+ 71. Ke7 Qge4+ 72. Kd6 Qfd5+ 73. Kc7 Qec4+ 74. Kb6 Qdb5+ 75. Ka7 Qca4# 0-1

[Event "WA Open Blitz Championship"]
[Site "Chess.com"]
[Date "2020.05.25"]
[Round "?"]
[White "Suess, Wade"]
[Black "Metzmaker, Suya"]
[Result "1-0"]
[WhiteElo "1195"]
[BlackElo "801"]
[PlyCount "131"]
[EventDate "2020.??.??"]
[EventType "blitz"]

1. e4 e5 2. Nf3 Nc6 3. d4 exd4 4. Nxd4 Nf6 5. Nxc6 bxc6 6. Bd3 d5 7. exd5 cxd5
8. Qe2+ Qe7 9. Qxe7+ Bxe7 10. O-O Be6 11. Bf4 c6 12. Nd2 O-O 13. Nf3 Nd7 14.
Rfe1 Bf6 15. c3 Bg4 16. Nd2 Rfe8 17. f3 Be6 18. Nb3 c5 19. Bc2 c4 20. Nd2 Nb6
21. Nf1 Bd7 22. Ng3 Re6 23. Bf5 Rxe1+ 24. Rxe1 Bxf5 25. Nxf5 g6 26. Nd6 Be7 27.
Rxe7 Rd8 28. Re8+ Rxe8 29. Nxe8 Kf8 30. Nc7 Ke7 31. Nb5 a6 32. Nc7 Kd7 33. Nxa6
Na4 34. Bc1 Kd6 35. Nb4 Kc5 36. Nc2 f5 37. Kf2 Nb6 38. Ke3 Nd7 39. Kf4 Nf6 40.
Kg5 Ng8 41. Kf4 Nf6 42. Ke5 Nd7+ 43. Ke6 Nb6 44. Kf7 Nd7 45. Kg7 h5 46. Kxg6
Nf8+ 47. Kxf5 Nd7 48. Kg5 Ne5 49. Be3+ Kd6 50. Kxh5 Nd3 51. b3 cxb3 52. axb3
Ne5 53. Bf4 Ke6 54. Bxe5 Kxe5 55. Kg5 Ke6 56. h4 Ke5 57. Nb4 Ke6 58. h5 Ke5 59.
h6 Ke6 60. h7 Ke5 61. h8=Q+ Ke6 62. Qf6+ Kd7 63. Nxd5 Kc8 64. Qe7 Kb8 65. Qc7+
Ka8 66. Nb6# 1-0

[Event "WA Open Blitz Championship"]
[Site "Chess.com"]
[Date "2020.05.25"]
[Round "?"]
[White "Seshadri, Sridhar"]
[Black "Metzmaker, Suya"]
[Result "0-1"]
[WhiteElo "1626"]
[BlackElo "801"]
[PlyCount "144"]
[EventDate "2020.??.??"]
[EventType "blitz"]

1. c4 c5 2. Nc3 Nc6 3. Nf3 b6 4. g3 Bb7 5. Bg2 Nf6 6. O-O e6 7. e3 Be7 8. e4
O-O 9. d3 d6 10. Ne1 Re8 11. f4 h6 12. Be3 Qd7 13. Nf3 Rad8 14. Qc2 Ng4 15. Bf2
Nxf2 16. Rxf2 Bf6 17. Rd2 Bxc3 18. bxc3 d5 19. e5 d4 20. cxd4 cxd4 21. Qa4 Nxe5
22. Qxd7 Nxd7 23. Nxd4 Bxg2 24. Kxg2 Nc5 25. Nc6 Rxd3 26. Rxd3 Nxd3 27. Nxa7
Nb4 28. a3 Nd3 29. a4 Ra8 30. Rd1 Nb2 31. Rd7 Nxc4 32. Nb5 Rxa4 33. Rd8+ Kh7
34. Nd6 Nxd6 35. Rxd6 Ra2+ 36. Kh3 b5 37. Rb6 Rb2 38. Rb7 Kg6 39. Kh4 b4 40. h3
b3 41. g4 Rb1 42. f5+ exf5 43. gxf5+ Kf6 44. Kh5 b2 45. h4 Rf1 46. Rb6+ Kxf5
47. Rb5+ Kf6 48. Rb6+ Ke5 49. Rxb2 Rf5+ 50. Kg4 Rf6 51. Rb5+ Ke4 52. Rb4+ Kd5
53. Rb5+ Ke6 54. Rb6+ Ke7 55. Rb7+ Kd6 56. h5 Ke5 57. Rb5+ Ke6 58. Rb6+ Ke7 59.
Rb7+ Kd8 60. Rb8+ Kc7 61. Rg8 Kd6 62. Rxg7 Ke5 63. Rg8 Ke4 64. Re8+ Kd5 65. Rh8
Ke5 66. Re8+ Kd5 67. Ra8 Ke4 68. Ra4+ Kd5 69. Ra5+ Ke6 70. Ra6+ Ke7 71. Ra7+
Kd8 72. Ra6 Rxa6 0-1